Responses for show #5953 - Wednesday, June 30, 2010

Contestants

[<< previous game]

Cara Colville, a behavior interventionist from Houston, Texas

Jeff Gordon, a biotech consultant originally from Fayetteville, Arkansas

Steven Milton, a legal case assistant from San Diego, California (whose 1-day cash winnings total $26,700)

[next game >>]

Jeopardy! Round responses

REPTILES
ALSO A GIRL'S NAME
THE FASTING & THE FURIOUS
I'M SEEING COLORS
FAUX PAS
REAL "PA"s
    $200 3
a chameleon

Cara
    $200 2
a brook

Jeff
    $200 1
Gandhi

Jeff
    $200 12
black

Steven
    $200 15
the bride

Cara
    $200 6
Joe Paterno

Steven
    $400 4
feet (or legs)

Steven
    $400 16
sue

Steven
    $400 8
South Africa

Steven
    $400 13
white

Steven
    $400 26
(Jeff: What is asks?)
...
(Alex: It's more than just asking.)

cuts in

Jeff
Triple Stumper
    $400 7
(Alex: ...married to Matthew Broderick.)

Sarah Jessica Parker

Triple Stumper
    $600 5
New Zealand

Jeff
    $600 17
alma

Jeff
    $600 9
the Irish Republican Army

Steven
    $600 14
orange

Jeff
    $600 27
the overhead compartment or under the seat

Cara
    $600 21
Mandy Patinkin

Jeff
    $800 18
scales

Steven
    $800 20
(Cara: What is a bess?)

a jenny

JeffCara
    $1,600 10
Sri Lanka

Steven
    $800 24
blue

Cara
    $800 28
double-dipping

Jeff
    $800 22
Don Pardo

Cara
    $1000 19
the Yangtze

Steven
    $1000 23
maud

Triple Stumper
    $1000 11
(Alex: You are right, Women's suffrage.)

the 19th Amendment

Jeff
    $1000 25
gray

Cara
    $1000 30
movements

Steven
    $1000 29
(Alex: The signs she was seeing were for Hello, Dolly! And the person in question was [*].)

Dolly Parton

Triple Stumper

Scores at the first commercial break (after clue 15):

Steven Jeff Cara
$3,800 $2,600 $400

Scores at the end of the Jeopardy! Round:

Steven Jeff Cara
$7,000 $5,000 $2,800

Double Jeopardy! Round responses

AIRCRAFT OF WORLD WAR I
THE HEAVYWEIGHT CHAMP
EUROPEAN COUNTRY BY CITIES
PEOPLES MAGAZINE
KITTY LIT
BACKWORDS
(Alex: Each correct response will be one word from the clue itself spelled backwards.)
    $400 1
(Steve: What is a ship?)
(Alex: Be more specific.)

an aircraft carrier

Steven
    $400 11
Muhammad Ali

Steven
    $400 4
Austria

Jeff
    $400 16
fishing

Cara
    $400 21
the Cat in the Hat

Cara
    $400 26
doom

Jeff
    $3,000 2
(Steven: What is Messerschmitt?)

Zeppelin

Steven
    $800 12
Jack Dempsey

Triple Stumper
    $800 5
Norway

Steven
    $800 17
Brazil

Steven
    $800 22
the Cheshire Cat

Steven
    $800 27
spam

Jeff
    $1200 3
a triplane

Jeff
    $1200 13
George Foreman

Jeff
    $1200 6
Ukraine

Steven
    $1200 18
(Steven: What is sing?)

clicked

Steven
Triple Stumper
    $1200 23
Beatrix Potter

Cara
    $1200 28
(Steven: ...What are zits?)

warts

StevenJeff
    $1600 9
Theodore Roosevelt

Steven
    $1600 14
Joe Louis

Steven
    $1600 7
Belgium

Jeff
    $1600 19
(Jeff: What is Tasmania?)

New Guinea

StevenJeff
    $1600 24
The Cricket in Times Square

Cara
    $1600 29
desserts

Cara
    $2000 10
Mercedes

Triple Stumper
    $2000 15
Jack Johnson

Steven
    $2000 8
Portugal

Steven
    $2000 20
Berbers

Cara
    $2000 25
Old Possum's Book of Practical Cats

Triple Stumper
    $3,000 30
the diaper

Cara

Scores at the end of the Double Jeopardy! Round:

Steven Jeff Cara
$14,800 $10,200 $13,000

[wagering suggestions for these scores]

Final Jeopardy! Round responses

RUSSIAN COMPOSERS
(Alex: One of his famous works--A Night on Bald Mountain, or as it is sometimes written up, A Night on Bare Mountain.)
JeffWho is Stravinsky?
$10,100
CaraWho is Tchaikovsky?
$12,000
StevenWho is Prokofiev?
$11,201
Modest Mussorgsky

Final scores:

Steven Jeff Cara
$3,599 $100 $1,000
2-day champion: $30,299 3rd place: $1,000 2nd place: $2,000

Game dynamics:

Coryat scores:

Steven Jeff Cara
$17,000 $10,200 $12,000
22 R
(including 1 DD),
3 W
(including 1 DD)
16 R,
2 W
13 R
(including 1 DD),
1 W

Combined Coryat: $39,200

The J! Archive is created by fans, for fans. The Jeopardy! game show and all elements thereof, including but not limited to copyright and trademark thereto, are the property of Jeopardy Productions, Inc. and are protected under law. This website is not affiliated with, sponsored by, or operated by Jeopardy Productions, Inc. Join the discussion at JBoard.tv.